Innovation management in manufacturing company
Súčasný pohľad na inovačný manažment vo výrobných podnikoch na Slovensku. Implementácia inovačných riadiacich nástrojov, funkcie, aplikácie internetu, elektronizácia.
Gespeichert in:
| 1. Verfasser: | |
|---|---|
| Format: | Buchkapitel |
| Sprache: | Englisch |
| Schlagworte: | |
| Tags: |
Keine Tags, Fügen Sie das erste Tag hinzu!
|
MARC
| LEADER | 00000naa$a2200000$$$4500 | ||
|---|---|---|---|
| 001 | 0149916 | ||
| 005 | 20240502072709.9 | ||
| 041 | 0 | |a eng | |
| 044 | |a SK | ||
| 245 | 1 | 0 | |a Innovation management in manufacturing company |c Miroslav Babič |
| 520 | |a Súčasný pohľad na inovačný manažment vo výrobných podnikoch na Slovensku. Implementácia inovačných riadiacich nástrojov, funkcie, aplikácie internetu, elektronizácia. | ||
| 610 | 2 | 0 | |a elektronizácia |
| 610 | 2 | 0 | |a manažment inovačný |
| 610 | 2 | 0 | |a systémy riadenia |
| 610 | 2 | 0 | |a internet |
| 610 | 2 | 0 | |a podnik výrobný |
| 610 | 2 | 0 | |a Slovensko |
| 100 | 1 | |a Babič, Miroslav | |